Money, banking trade and finance / (Record no. 125152)

MARC details
000 -LEADER
fixed length control field 00624nam a22002297a 4500
005 - DATE AND TIME OF LATEST TRANSACTION
control field 20170124105949.0
010 ## - LIBRARY OF CONGRESS CONTROL NUMBER
LC control number 858806
020 ## - INTERNATIONAL STANDARD BOOK NUMBER
Terms of availability 00.00
035 ## - SYSTEM CONTROL NUMBER
System control number 858806
037 ## - SOURCE OF ACQUISITION
Source of stock number/acquisition Cen Lib/Ret
040 ## - CATALOGING SOURCE
Original cataloging agency DPL
Language of cataloging EN
082 ## - DEWEY DECIMAL CLASSIFICATION NUMBER
Classification number 332
Item number GAR
100 ## - MAIN ENTRY--PERSONAL NAME
Personal name Garg, K. N.
9 (RLIN) 13184
245 ## - TITLE STATEMENT
Title Money, banking trade and finance /
Statement of responsibility, etc by K. N. Garg
250 ## - EDITION STATEMENT
Edition statement 2nd ed
260 ## - PUBLICATION, DISTRIBUTION, ETC. (IMPRINT)
Place of publication, distribution, etc Allahabad
Name of publisher, distributor, etc Kitab Mahal
Date of publication, distribution, etc 1989
270 ## - ADDRESS
Address 15, Thornhill Road
City Allahabad
300 ## - PHYSICAL DESCRIPTION
Extent xiv, 789p.
Dimensions 21cm(Hb)
650 ## - SUBJECT ADDED ENTRY--TOPICAL TERM
Topical term or geographic name as entry element Banks and banking
9 (RLIN) 101818
650 ## - SUBJECT ADDED ENTRY--TOPICAL TERM
Topical term or geographic name as entry element Business
9 (RLIN) 8513
942 ## - ADDED ENTRY ELEMENTS (KOHA)
Source of classification or shelving scheme Dewey Decimal Classification
Koha item type English Books
Classification part 332
Call number suffix GAR
Holdings
Withdrawn status Lost status Damaged status Not for loan Home library Current library Date acquired Source of acquisition Cost, normal purchase price Total Checkouts Full call number Barcode Date last seen Copy number Cost, replacement price Price effective from Koha item type
        Central Library Central Library 19/06/2015 Cen Lib/Ret 0.00   332 GAR 858806 19/06/2015 1 0.00 19/06/2015 English Books

© Delhi Public Library
Hit Counter
free hit counter